00672 a2200193 4500999001500000010001400015020002300029035001300052037001500065082001100080245008700091260003700178270005300215300003000268700001700298700001900315942003100334952011300365 c4521d4521 aENG-86366 a1403930279c430.00 aEN-69899 bDBAD / PUB14a883.081 aNew concerns :ced. by Sushma Arya [and] Shalini Sikkabvoices in Indian writing / aNew DelhibMacmillan Indiac2006 a2/10, Ansari Road, DaryagnajbNew Delhie110 002 axxii, 210 p.c21cm. (Hb.)1 aArya, Sushma1 aSikka, Shalini adplcEN2ddch883.08 mNEW 001040718NFICaDBADbDBADeDBAD/PUBg430.00l0o883.08 NEWpEN-69899r2008-09-15 00:00:00t1v430.00yEN